Contract

Detalles Bibliográficos
Título anterior:Contract design
Formato: Electrónico Revista
Lenguaje:inglés
Publicado: San Francisco, CA : Miller Freeman, c2000-
New York, NY : VNU Business Publications
New York, NY : Nielsen Business Media
Materias:
Acceso en línea:Full text available from Research Library: 06/01/1998 to present

MARC

LEADER 00000nas a2200000 a 4500
001 ssj0003504
003 WaSeSS
005 20200512172242.0
006 m d
007 cr n
008 000508c20009999nyubx p s 0 a0eng c
010 |a  00229058  
022 |l 1530-6224  |y 1530-6224 
032 |a 307970  |b USPS 
035 |a (WaSeSS)ssj0003504 
037 |b Nielsen Business Media, Inc., 770 Broadway, New York, NY 10003-9595 
040 |a IGA  |b eng  |c IGA  |d FUG  |d NSD  |d TXA  |d DLC  |d OCLCQ  |d DLC  |d COD  |d OCLCF  |d OCLCO  |d GILDS  |d DLC  |d RDF  |d OCLCO  |d FUG  |d WaSeSS 
042 |a pcc  |a nsdp 
050 0 0 |a TS840  |b .C65 
082 1 0 |a 747  |2 13 
130 0 |a Contract (San Francisco, Calif.) 
210 0 |a Contract  |b (San Franc. Calif.) 
222 0 |a Contract  |b (San Francisco, Calif.) 
245 1 0 |a Contract  |h [electronic resource]. 
260 |a San Francisco, CA :  |b Miller Freeman,  |c c2000- 
260 2 |3 <Dec. 2004->:  |a New York, NY :  |b VNU Business Publications 
260 3 |3 <2007-> :  |a New York, NY :  |b Nielsen Business Media 
310 |a Eight issues per year (with February/March, April/May, July/Aug., and October/November),  |b 2020- 
321 |a Monthly,  |b 2000-Oct. 2009 
321 |a Nine issues per year (monthly except Jan./Feb., July/Aug., Nov./Dec.),  |b Nov./Dec. 2009- 
321 |a Ten issues per year (with Jan./Feb., Mar.-June, July/Aug., Sept.-Dec.),  |b <Dec. 2012>-2019 
362 0 |a Vol. 42, issue 3 (Mar. 2000)- 
500 |a "Commercial interior design and architecture." 
500 |a Title from cover. 
506 |a License restrictions may limit access. 
515 |a Vols. for 2007 and 2008 both called vol. 49. 
588 |a Latest issue consulted: Vol. 61, issue 1 (January 2020). 
650 0 |a Furniture industry and trade  |v Periodicals. 
650 0 |a Interior decoration  |v Periodicals. 
650 7 |a Furniture industry and trade.  |2 fast  |0 (OCoLC)fst00936544 
650 7 |a Interior decoration.  |2 fast  |0 (OCoLC)fst00976327 
655 0 |a Electronic journals. 
780 0 0 |t Contract design  |x 1053-5632  |w (DLC) 91659048  |w (OCoLC)22579294 
850 |a DLC  |a FU 
853 2 0 |8 1  |a v.  |b issue  |u 12  |v r  |i (year)  |j (month)  |w m 
856 4 0 |z Full text available from Research Library: 06/01/1998 to present  |u https://search.proquest.com/publication/46061 
863 4 1 |8 1.1  |a 42  |b 3  |i 2000  |j 03